| 000 | 00325nam a22001217a 4500 | ||
|---|---|---|---|
| 008 | 170321b xxu||||| |||| 00| 0 eng d | ||
| 041 | _aeng | ||
| 080 | _a616.12-008-073 | ||
| 100 | _a7 | ||
| 101 | _ashm | ||
| 245 |
_aMBI MJEKIMIN E DISA TURBULLIMEVE TE NGACMUESHMERISE DHE PERQUESHMERISE SE ZEMRES _cPORO, K |
||
| 942 |
_2udc _cBK |
||
| 999 |
_c8202 _d8202 |
||